| 000 | 00488nam a2200205Ia 4500 | ||
|---|---|---|---|
| 003 | OSt | ||
| 005 | 20260210114806.0 | ||
| 008 | 250729s2007 xx 000 0 und d | ||
| 020 | _a978-0706987645 | ||
| 040 | _cAL | ||
| 041 | _aeng | ||
| 082 | _a420.7 VENP | ||
| 100 |
_aVenkateswaran S _9228558 |
||
| 245 | _aPrinciples of teaching english | ||
| 260 |
_aNew Delhi _c2007 |
||
| 300 | _a265p | ||
| 650 |
_aEnglish _9228559 |
||
| 700 |
_aVeo Digumurthi _9228560 |
||
| 942 |
_2ddc _cBED |
||
| 999 |
_c238037 _d238037 |
||